To understand the Bible look for Jesus : the Bible student's guide to the Bible's central theme / (Record no. 18984)
[ view plain ]
| 000 -LEADER | |
|---|---|
| fixed length control field | 00881nam a2200205 4500 |
| 008 - FIXED-LENGTH DATA ELEMENTS--GENERAL INFORMATION | |
| fixed length control field | 040211r19791968mium a000 0 eng d |
| 090 ## - LOCALLY ASSIGNED LC-TYPE CALL NUMBER (OCLC); LOCAL CALL NUMBER (OCLC) | |
| Classification number (OCLC) (R) ; Classification number, CALL (RLIN) (NR) | BS476 |
| Local cutter number (OCLC) ; Book number/undivided call number, CALL (RLIN) | G27t |
| 100 1# - MAIN ENTRY--PERSONAL NAME | |
| Personal name | Geisler, Norman L. |
| 245 10 - TITLE STATEMENT | |
| Title | To understand the Bible look for Jesus : the Bible student's guide to the Bible's central theme / |
| Statement of responsibility, etc | Norman L. Geisler. |
| 260 ## - PUBLICATION, DISTRIBUTION, ETC. (IMPRINT) | |
| Place of publication, distribution, etc | Grand Radids : |
| Name of publisher, distributor, etc | Baker Book House, |
| Date of publication, distribution, etc | c1968, 1979 printing. |
| 300 ## - PHYSICAL DESCRIPTION | |
| Extent | 128 p. ; |
| Dimensions | 21 cm. |
| 500 ## - GENERAL NOTE | |
| General note | Formerly published under the titles: Christ, the theme of the Bible, and Christ, the key to interpreting the Bible. |
| 500 ## - GENERAL NOTE | |
| General note | Includes indexes. |
| 504 ## - BIBLIOGRAPHY, ETC. NOTE | |
| Bibliography, etc | Bibliography: p. 124. |
| 600 14 - SUBJECT ADDED ENTRY--PERSONAL NAME | |
| Personal name | Jesus Christ |
| General subdivision | History of doctrines |
| Chronological subdivision | Early church, ca. 30-600. |
| 650 #4 - SUBJECT ADDED ENTRY--TOPICAL TERM | |
| Topical term or geographic name as entry element | Bible |
| General subdivision | Hermeneutics. |
| 650 #4 - SUBJECT ADDED ENTRY--TOPICAL TERM | |
| Topical term or geographic name as entry element | Messiah |
| General subdivision | Prophecies. |
| 650 #4 - SUBJECT ADDED ENTRY--TOPICAL TERM | |
| Topical term or geographic name as entry element | Typology (Theology). |
| 951 ## - EQUIVALENCE OR CROSS-REFERENCE-GEOGRAPHIC NAME/AREA NAME [OBSOLETE] [CAN/MARC only] | |
| General subdivision | 00005353 |
| 951 ## - EQUIVALENCE OR CROSS-REFERENCE-GEOGRAPHIC NAME/AREA NAME [OBSOLETE] [CAN/MARC only] | |
| -- | 18216 |
| -- | BS476/G27t |
| -- | 070613111338296 |
| -- | 2000-12-21 |
| -- | GC |
| Withdrawn status | Lost status | Damaged status | Not for loan | Home library | Current library | Shelving location | Date acquired | Accession number | Shelving control number | Total Checkouts | Full call number | Barcode | Date last seen | Price effective from | Koha item type |
|---|---|---|---|---|---|---|---|---|---|---|---|---|---|---|---|
| BSOP Library | BSOP Library | GC | 12/21/2000 | 18216 | 127 | BS476/G27t | 00005353 | 02/23/2013 | 02/23/2013 | Books |
